00234nam a2200085Ia 4500008004100000100001700041245003200058260005000090300000800140190216s9999||||xx |||||||||||||| ||und|| aRaj K Bansal 0aOrganic Reaction Mechanisms bTata Mcgraw Hill Publishing Company Ltdc1978 a490